Toxin / (Record no. 22244)
[ view plain ]
| 000 -LEADER | |
|---|---|
| fixed length control field | 01586nam a2200433 a 4500 |
| 001 - CONTROL NUMBER | |
| control field | 22244 |
| 003 - CONTROL NUMBER IDENTIFIER | |
| control field | CZ PrNK |
| 005 - DATE AND TIME OF LATEST TRANSACTION | |
| control field | 20260323145703.0 |
| 007 - PHYSICAL DESCRIPTION FIXED FIELD--GENERAL INFORMATION | |
| fixed length control field | tu |
| 008 - FIXED-LENGTH DATA ELEMENTS--GENERAL INFORMATION | |
| fixed length control field | 991019s1999 xr ac g 000 f cze |
| 015 ## - NATIONAL BIBLIOGRAPHY NUMBER | |
| National bibliography number | cnb000767080 |
| 020 ## - INTERNATIONAL STANDARD BOOK NUMBER | |
| International Standard Book Number | 8086196097 |
| Qualifying information | (váz.) |
| 035 ## - SYSTEM CONTROL NUMBER | |
| System control number | (OCoLC)43807642 |
| 040 ## - CATALOGING SOURCE | |
| Original cataloging agency | ABA001 |
| Language of cataloging | cze |
| 041 1# - LANGUAGE CODE | |
| Language code of text/sound track or separate title | cze |
| Language code of original | eng |
| 072 #7 - SUBJECT CATEGORY CODE | |
| Subject category code | 821.111-3 |
| Subject category code subdivision | Anglická próza, anglicky psaná |
| Source | Konspekt |
| 080 ## - UNIVERSAL DECIMAL CLASSIFICATION NUMBER | |
| Universal Decimal Classification number | 821.111-31 |
| Edition identifier | MRF |
| 080 ## - UNIVERSAL DECIMAL CLASSIFICATION NUMBER | |
| Universal Decimal Classification number | (0:82-31) |
| Edition identifier | MRF |
| 100 1# - MAIN ENTRY--PERSONAL NAME | |
| Personal name | Cook, Robin, |
| Dates associated with a name | 1940- |
| Relationship | aut |
| 245 10 - TITLE STATEMENT | |
| Title | Toxin / |
| Statement of responsibility, etc. | Robin Cook. Měsíční svit ti sluší / Mary Higgins Clarková. Až za hrob / Dick Francis. Příslib lásky / LaVyrle Spencerová |
| 250 ## - EDITION STATEMENT | |
| Edition statement | Vyd. 1. |
| 260 ## - PUBLICATION, DISTRIBUTION, ETC. | |
| Place of publication, distribution, etc. | Praha : |
| Name of publisher, distributor, etc. | Reader's Digest Výběr, |
| Date of publication, distribution, etc. | 1999 |
| 300 ## - PHYSICAL DESCRIPTION | |
| Extent | 549 s. : |
| Other physical details | barev. il. a portréty ; |
| Dimensions | 20 cm |
| 490 1# - SERIES STATEMENT | |
| Series statement | Nejlepší světové čtení |
| 500 ## - GENERAL NOTE | |
| General note | Přeloženo z angličtiny |
| 655 #7 - INDEX TERM--GENRE/FORM | |
| Genre/form data or focus term | anglicky psané romány |
| Source of term | czenas |
| 655 #9 - INDEX TERM--GENRE/FORM | |
| Genre/form data or focus term | fiction in English |
| Source of term | eczenas |
| 700 12 - ADDED ENTRY--PERSONAL NAME | |
| Personal name | Francis, Dick, |
| Dates associated with a name | 1920-2010. |
| Title of a work | To the hilt. |
| Language of a work | Česky |
| 700 12 - ADDED ENTRY--PERSONAL NAME | |
| Personal name | Spencer, LaVyrle, |
| Dates associated with a name | 1943- |
| Title of a work | Then came heaven. |
| Language of a work | Česky |
| 700 12 - ADDED ENTRY--PERSONAL NAME | |
| Personal name | Clark, Mary Higgins, |
| Dates associated with a name | 1929- |
| Title of a work | Moonlight becomes you. |
| Language of a work | Česky |
| 740 02 - ADDED ENTRY--UNCONTROLLED RELATED/ANALYTICAL TITLE | |
| Uncontrolled related/analytical title | Měsíční svit ti sluší |
| 740 02 - ADDED ENTRY--UNCONTROLLED RELATED/ANALYTICAL TITLE | |
| Uncontrolled related/analytical title | Až za hrob |
| 740 02 - ADDED ENTRY--UNCONTROLLED RELATED/ANALYTICAL TITLE | |
| Uncontrolled related/analytical title | Příslib lásky |
| 830 #0 - SERIES ADDED ENTRY--UNIFORM TITLE | |
| Uniform title | Nejlepší světové čtení (Reader's Digest Výběr) |
| 856 41 - ELECTRONIC LOCATION AND ACCESS | |
| Uniform Resource Identifier | <a href="http://krameriusndk.nkp.cz/search/handle/uuid:2f89d380-9244-11e3-a744-005056827e52">http://krameriusndk.nkp.cz/search/handle/uuid:2f89d380-9244-11e3-a744-005056827e52</a> |
| Link text | Digitalizovaný dokument |
| 901 ## - LOCAL DATA ELEMENT A, LDA (RLIN) | |
| f | 1. vyd. |
| o | 19991109 |
| 910 ## - USER-OPTION DATA (OCLC) | |
| User-option data | ABA001 |
| 942 ## - ADDED ENTRY ELEMENTS (KOHA) | |
| Source of classification or shelving scheme | Dewey Decimal Classification |
| Koha item type | Krásna literatúra pre dospelých |
| Suppress in OPAC | No |
| Stav vyradenia | Strata | Poškodenie | Spôsob nadobudnutia | Domovská knižnica | Aktuálna knižnica | Dátum nadobudnutia | Total checkouts | Čiarový kód exemplára | Date last seen | Typ exemplára |
|---|---|---|---|---|---|---|---|---|---|---|
| Dar | Obecná knižnica Horná Štubňa | Obecná knižnica Horná Štubňa | 23.03.2026 | 4736201915 | 23.03.2026 | Krásna literatúra pre dospelých |
